Tilastot visalle Päijät-Hämeen kunnat

Klikkaa tästä pelataksesi tätä visaa!

Yleistilastot

  • Tätä visaa on pelattu 101 kertaa
  • Keskiarvotulos 8 / 9

Vastaustilastot

VäkilukuKunta/Kaupunki% Oikein
119 884Lahti
97%
18 552Heinola
95%
23 400Hollola
95%
15 992Orimattila
84%
3 648Sysmä
84%
8 046Asikkala
81%
4 360Kärkölä
76%
2 884Padasjoki
73%
2 680Hartola
70%

Tulosjakauma

Persentiili vastausten määrän mukaan

Jokaisen tuloksen saaneiden osuus

Tuloshistoriasi

Et ole pelannut tätä visaa